000 00400nam a22001577a 4500
003 OSt
005 20210917090218.0
008 210917b |||||||| |||| 00| 0 eng d
020 _a0 565 00720 3
040 _cHawassa University
050 _a595.2046/INS
082 _a595.2046/INS
245 _aInsects and Other Arthropods of Medical Importance
260 _aLondon
_c1973
942 _2ddc
_cBOOKS
_n0
999 _c4600
_d4600